Statystyki dla Top 10 największych dzikich kotów świata

Kliknij tutaj aby rozwiązać quiz!

Ogólne statystyki

  • Ten quiz został rozwiązany 89 razy
  • Średni wynik to 5 z 10

Statystyki odpowiedzi

Waga kgOdpowiedź% Poprawnych
150-250Lew afrykański
98%
60-75Puma
84%
42-65Gepard
70%
70-90Lampart plamisty
62%
180-260Tygrys bengalski
54%
56-96Jaguar
43%
200-318Tygrys Syberyjski
38%
35-70Pantera śnieżna
27%
12-35Ryś euroazjatycki
15%
11-23Pantera mglista
2%

Rozkład punktacji

Percentyl według liczby udzielonych odpowiedzi

Procent ludzi z każdym wynikiem

Twoja historia wyników

Nie rozwiązałeś tego quizu